Holme's principles of physical geology (Record no. 76328)

MARC details
000 -LEADER
fixed length control field 00864nam a2200205 a 4500
008 - FIXED-LENGTH DATA ELEMENTS--GENERAL INFORMATION
fixed length control field 120416s1998 ||||||||||||||||| || u
020 ## - INTERNATIONAL STANDARD BOOK NUMBER
International Standard Book Number 0748743812
050 ## - LIBRARY OF CONGRESS CALL NUMBER
Classification number QE 28.2 Hol
100 ## - MAIN ENTRY--PERSONAL NAME
Personal name Duff, P. M. D
245 10 - TITLE STATEMENT
Title Holme's principles of physical geology
Statement of responsibility, etc. /edited by P. M. D. Duff
250 ## - EDITION STATEMENT
Edition statement 4th edition
260 ## - PUBLICATION, DISTRIBUTION, ETC.
Place of publication, distribution, etc. Cheltenham
Name of publisher, distributor, etc. Stanley Thornes
Date of publication, distribution, etc. 1998
300 ## - PHYSICAL DESCRIPTION
Extent xvi, 791 pages : illustrations
350 ## -
-- 0.00
650 ## - SUBJECT ADDED ENTRY--TOPICAL TERM
Topical term or geographic name entry element PHYSICAL GEOLOGY
650 ## - SUBJECT ADDED ENTRY--TOPICAL TERM
Topical term or geographic name entry element GEOLOGY--STUDY AND TEACHING
700 ## - ADDED ENTRY--PERSONAL NAME
Personal name Holmes, Arthur, 1890-1965
995 ## -
-- MAIN LIBRARY OPEN ACCESS
-- 0.00
-- 734932
-- CBU-MAIN LIBRARY (Kitwe)
-- 1
-- 45.00
-- QE 28.2 Hol
-- 1
-- AVAILABLE
-- 38363
-- Main Library Open Access Collection
995 ## -
-- MAIN LIBRARY OPEN ACCESS
-- 0.00
-- 731825
-- CBU-MAIN LIBRARY (Kitwe)
-- 2
-- 45.00
-- QE 28.2 Hol
-- 2
-- AVAILABLE
-- 029203
-- Main Library Open Access Collection
999 ## -
-- 76328
-- 76328
Holdings
Withdrawn status Lost status Source of classification or shelving scheme Damaged status Not for loan Permanent Location Current Location Shelving location Date acquired Total Checkouts Full call number Barcode Date last seen Copy number Price effective from Koha item type
          CBU-MAIN LIBRARY, KITWE. CBU-MAIN LIBRARY, KITWE.   04/25/2023   QE 28.2 Hol 38363 04/25/2023 1 04/25/2023 MONOGRAPH
          CBU-MAIN LIBRARY, KITWE. CBU-MAIN LIBRARY, KITWE.   04/25/2023   QE 28.2 Hol 029203 04/25/2023 2 04/25/2023 MONOGRAPH